00865nam a22002657i 4500003000900000005001700009007000300026008004100029020001800070040003000088041000800118082001900126100005000145245005700195264004800252300003200300336002700332337003300359338002800392590002700420910000700447942001400454952011400468999001700582DO-SdBNP20250421105803.0ta250421b2024 |||||||| |||| 00| 0 eng d a9789945223903 aDO-SdBNPbspacBNPHUerda hspa axxxbC352s2221 aCastillo Javier, Gerardod1963-eautor97558010aSendero entre las piedras /cGerardo Castillo Javier aSanto Domingo :bDragón Editorial,c2024. aPáginas variadas ;c24 cm ardacontentbtexto2txt ardamediabsin mediación2n ardacarrierbvolumen2nc aInventariado, 2025 /DG aDG 2ddccLBS1 00102ddc51708PDaBNPHUbBNPHUcCTd2025-04-21l0oBNPHU PD C352sp2025-3454r2025-04-21w2025-04-21yLBS1 c58730d58730